000 00382nam a22001577a 4500
003 OSt
005 20230914102237.0
020 _a978-93-85114-31-1
040 _cLCC
100 _aSHUKLA, NAMRATA
245 _aLAWMANN'S LAW RELATING TO LANDLORD & TENANT
260 _aNEW DEHLI
_bKAMAL PUBLISHERS
_c2021
300 _aXXIV, 368P.
600 _2LEASES-INDIA
942 _2lcc
_cBK
_n0
999 _c60138
_d60138